| 000 | 00741nam a2200265 4500 | ||
|---|---|---|---|
| 001 | 1852 | ||
| 010 | _a9789897874222 | ||
| 021 |
_aPT _b527543/24 |
||
| 090 | _a1852 | ||
| 100 | _a20250515d2024 am|y0pory50030103ba | ||
| 101 | _apor | ||
| 102 | _aPT | ||
| 200 |
_aO meu guia de aves _fGonçalo Elias, José Frade _gfot. Ana Mendes do Carmo |
||
| 205 | _a1ª edição | ||
| 210 |
_aLisboa _cBooksmile _d2024 |
||
| 215 |
_a157 p. _cil. _d24 cm |
||
| 300 | _aBMB-Registado | ||
| 606 |
_92651 _aAves |
||
| 606 |
_92652 _aOrnitologia |
||
| 675 |
_a598.2 _vBMB _zpor |
||
| 700 |
_aElias _bGonçalo de Sousa Lobo _f1968- _92653 |
||
| 701 |
_a Frade _bJosé _f1966- _4600 _92654 |
||
| 702 |
_aCarmo _bAna Mendes do _4600 _92655 |
||
| 801 |
_aPT _bBMB _gRPC |
||
| 990 | _cLIVROS | ||